Statistiques concernant One Piece - Don Quichotte Family

Cliquez ici pour prendre le quiz!

Statistiques générales

  • Ce quiz a été pris 1 415 fois
  • Le résultat moyen est 14 sur 22

Statistiques - réponses

Nom% Correct
Don Quichotte Doflamingo
100%
Pica
91%
Diamante
90%
Don Quichotte Rossinante
90%
Trébol
89%
Baby 5
86%
Sugar
84%
Vergo
75%
Señor Pink
74%
Dellinger
71%
Trafalgar D Water Law
70%
Lao G
68%
Buffalo
67%
Mone
63%
Viola
61%
Gladius
58%
Jora
55%
Machvise
52%
Bellamy
49%
Lackey
4%
Sanshita
4%
Shuuin
4%

Distribution des résultats

Percentile par nombre de réponses

% des personnes avec chaque résultat

Votre développement - résultats

Vous n’avez pas pris ce quiz